Digital courts and justice delivery: How far are they speedy and effective? (Record no. 524133)
[ view plain ]
| 000 -LEADER | |
|---|---|
| fixed length control field | 01468nam a22001577a 4500 |
| 008 - FIXED-LENGTH DATA ELEMENTS--GENERAL INFORMATION | |
| fixed length control field | 231030b ||||| |||| 00| 0 eng d |
| 100 ## - MAIN ENTRY--PERSONAL NAME | |
| Personal name | Kumar, Abhay and Pandey, Ganesh Prasad |
| 245 ## - TITLE STATEMENT | |
| Title | Digital courts and justice delivery: How far are they speedy and effective? |
| 260 ## - PUBLICATION, DISTRIBUTION, ETC. (IMPRINT) | |
| Place of publication, distribution, etc | Bihar Journal of Public Administration |
| 300 ## - PHYSICAL DESCRIPTION | |
| Extent | 20(1), Jan-Jun, 2023: p.191-197 |
| 520 ## - SUMMARY, ETC. | |
| Summary, etc | Justice delivery system can be said to function satisfactorily when it renders speedy, fair and efficient justice at a reasonable and affordable cost, ensuring the rule of law, securing human rights and helps in achieving good governance. In the contemporary times, the justice delivery system is also undergoing plethora of changes and one of them most peculiar change is the adoption of the digital tools for insuring swift and effective judicial administration. This paper analyses the contemporary changes brought in the mechanism of justice delivery system and whether it has been a boon or a bane to the litigants. Moreover, the recent judgement of the constitutional courts in respect to declaration of access to Internet as a fundamental right has also been critically analysed within this paper. – Reproduced http://www.iipabiharbranch.org/upload/Journal%20Volume%20XX.pdf |
| 650 ## - SUBJECT ADDED ENTRY--TOPICAL TERM | |
| Topical term or geographic name as entry element | Digital Courts, Justice Delivery, Speedy Trial, Effective Delivery |
| 9 (RLIN) | 41361 |
| 773 ## - HOST ITEM ENTRY | |
| Main entry heading | Bihar Journal of Public Administration |
| 906 ## - LOCAL DATA ELEMENT F, LDF (RLIN) | |
| Subject DIP | JUDICIARY |
| 942 ## - ADDED ENTRY ELEMENTS (KOHA) | |
| Item type | Articles |
| Withdrawn status | Lost status | Source of classification or shelving scheme | Damaged status | Not for loan | Permanent location | Current location | Date acquired | Serial Enumeration / chronology | Barcode | Date last seen | Koha item type |
|---|---|---|---|---|---|---|---|---|---|---|---|
| Indian Institute of Public Administration | Indian Institute of Public Administration | 2023-10-30 | 20(1), Jan-Jun, 2023: p.191-197 | AR130009 | 2023-10-30 | Articles |
